Constitución de la Nación Argentina comentada /
Guardado en:
| Autor Principal: | |
|---|---|
| Formato: | Libro |
| Idioma: | Spanish |
| Publicado: |
Buenos Aires :
Zavalía,
2000.
|
| Edición: | 3a. ed. |
| Materias: | |
| Etiquetas: |
Agregar Etiqueta
Sin Etiquetas, Sea el primero en etiquetar este registro!
|
| LEADER | 00487nam a22001575a 4500 | ||
|---|---|---|---|
| 001 | DER.der000771 | ||
| 008 | 180615s2000####ag#||||||||||||||#||spa|| | ||
| 005 | 20250212112028.0 | ||
| 245 | 1 | 0 | |a Constitución de la Nación Argentina comentada / |c Humberto Quiroga Lavié |
| 250 | |a 3a. ed. | ||
| 260 | |a Buenos Aires : |b Zavalía, |c 2000. | ||
| 300 | |a 988 p. | ||
| 020 | |a 9505724004 | ||
| 100 | 1 | |a Quiroga Lavié, Humberto | |
| 650 | 7 | |a DERECHO CONSTITUCIONAL | |
| 859 | |a DERECHO |b BIB. DERECHO |h 342.02 |i QUI |p 000500 | ||
